Jednoúčelové analogové počítače

Gespeichert in:
Bibliographische Detailangaben
1. Verfasser: Kabeš, Karel (Verfasst von)
Format: Buch
Sprache:Tschechisch
Veröffentlicht: Praha : SNTL, 1971
Ausgabe:1. vyd.
Tags: Tag hinzufügen
Keine Tags, Fügen Sie das erste Tag hinzu!

MARC

LEADER 00000nam a22000003a 4500
001 stu53759
005 20150617225659.9
008 000529s1971----cs------------------cze-d
040 |a STU  |b slo 
041 0 |a cze 
044 |a cs 
080 |a 681.332 
100 1 |a Kabeš, Karel  |4 aut 
245 1 |a Jednoúčelové analogové počítače 
250 |a 1. vyd. 
260 |a Praha :  |b SNTL,  |c 1971 
300 |a 274 s 
996 |b 284EK05556  |c E*26234  |l EE01  |s A  |a 24  |w stu53759_0001 
996 |b 284EK05557  |c E*26528  |l EE0101  |s P  |a 0  |w stu53759_0002